书目信息 |
| 题名: |
孔颖达
|
|
| 作者: | 张鸿 著 | |
| 分册: | ||
| 出版信息: | 西安 陕西师范大学出版总社 2017 |
|
| 页数: | 153页 | |
| 开本: | 24cm | |
| 丛书名: | ||
| 单 册: | ||
| 中图分类: | B241.95 | |
| 科图分类: | ||
| 主题词: | ||
| 电子资源: | ||
| ISBN: | 978-7-5613-8877-8 | |
| 000 | 00832nam0 2200217 450 | |
| 001 | 3974 | |
| 005 | 20180527210004.92 | |
| 010 | @a978-7-5613-8877-8@dCNY20.00 | |
| 100 | @a20170619d2017 em y0chiy50 ea | |
| 101 | 0 | @achi |
| 102 | @aCN@b610000 | |
| 105 | @ay z 000yb | |
| 200 | 1 | @a孔颖达@9kong ying da@f张鸿著 |
| 210 | @a西安@c陕西师范大学出版总社@d2017 | |
| 215 | @a153页@d24cm | |
| 330 | @a本书稿简要介绍孔颖达的生平事迹和学术贡献,即在经学思想、哲学思想、政治思想、教育思想方面,他所主持编撰的《五经正义》是唐代钦定的学校教育教材,后来被收入《十三经注疏》,在儒学发展史上占有继往开来的重要的地位。从文中还可以了解隋唐之际主流文化发展演变的基本特征。 | |
| 600 | 0 | @a孔颖达@f(574-648)@x传记 |
| 690 | @aB241.95@v5 | |
| 701 | 0 | @a张鸿@9zhang hong@f(1976-)@4著 |
| 801 | 0 | @aCN@b91MARC@c20170619 |
| 905 | @aMuseLib@dB241.95@e7 | |
| 孔颖达/张鸿著.-西安:陕西师范大学出版总社,2017 |
| 153页;24cm |
| ISBN 978-7-5613-8877-8:CNY20.00 |
| 本书稿简要介绍孔颖达的生平事迹和学术贡献,即在经学思想、哲学思想、政治思想、教育思想方面,他所主持编撰的《五经正义》是唐代钦定的学校教育教材,后来被收入《十三经注疏》,在儒学发展史上占有继往开来的重要的地位。从文中还可以了解隋唐之际主流文化发展演变的基本特征。 |
| ● |
| 相关链接 |
|
|
|
|
正题名:孔颖达
索取号:B241.95/7
 
预约/预借
| 序号 | 登录号 | 条形码 | 馆藏地/架位号 | 状态 | 备注 |
| 1 | 1111386 | 211113864 | 第一样本阅览室/ [索取号:B241.95/7] | 在馆 | |
| 2 | 1111387 | 211113873 | 教育系资料室/ [索取号:B241.95/7] | 在馆 | |
| 3 | 1111388 | 211113882 | 教育系资料室/ [索取号:B241.95/7] | 在馆 | |
| 4 | 1111389 | 211113891 | 第一借阅区/ [索取号:B241.95/7] | 在馆 |